000
00231 a2200097 4500
001
59767
100
_a
245
_a
State of Pakistan; in search of identity
260
_a
LAhore
_b
Tarikh publications
_c
2008
090
_c
36631
_d
36631
942
_a
NUST-CAE
_c
_c
29593
999
_c
294840
_d
294840